[Event "Dortmund-A"]
[Site "Dortmund"]
[Date "1989.??.??"]
[Round "?"]
[White "Sokolov, Ivan"]
[Black "Mohr, Stefan"]
[Result "1/2-1/2"]
[WhiteElo "2580"]
[BlackElo "2530"]

1.d4 Nf6 2.Nf3 g6 3.c4 Bg7 4.Nc3 d5 5.cxd5 Nxd5 6.e4 Nxc3 7.bxc3 c5 8.Rb1 O-O
9.Be2 b6 10.O-O Bb7  1/2-1/2

[Event "Dortmund-A"]
[Site "Dortmund"]
[Date "1989.??.??"]
[Round "?"]
[White "Sokolov, Ivan"]
[Black "Psakhis, Lev"]
[Result "1-0"]
[WhiteElo "2580"]
[BlackElo "2585"]

1.d4 e6 2.c4 Nf6 3.Nc3 Bb4 4.Qc2 O-O 5.Bg5 c5 6.dxc5 Qa5 7.Bxf6 gxf6 8.e4 Bxc3+
9.bxc3 Qxc5 10.Rb1 Qe7 11.Nf3 Na6 12.Nd4 b6 13.Be2 Bb7 14.O-O Nc5 15.f3 Kh8
16.Qd2 Rg8 17.Rfd1 Rg7 18.Bf1 Rag8 19.Nb5 f5 20.exf5 Bxf3 21.Qf4 Rxg2+ 22.Bxg2 Bxg2
23.f6 Qf8 24.Kf2 Be4 25.Ra1 d5 26.Nd6 Rg2+ 27.Kf1 Qg8 28.cxd5 exd5 29.c4 Nd3
30.Nxf7+ Qxf7 31.Rxd3 Rg6 32.Ke2 Rxf6 33.Qb8+ Kg7 34.Rg1+ Bg6 35.Qe5 Kf8
36.Re3 Rf2+ 37.Ke1 Kg8 38.Qe8+ Qxe8 39.Rxe8+ Kf7 40.Kxf2 Kxe8 41.cxd5 Ke7
42.Ke3 Kd6 43.Kd4 Bf7 44.Rg5  1-0

[Event "Dortmund-A"]
[Site "Dortmund"]
[Date "1989.??.??"]
[Round "?"]
[White "Tolnai, Tibor"]
[Black "Bischoff, Klaus"]
[Result "1-0"]
[WhiteElo "2480"]
[BlackElo "2505"]

1.e4 c5 2.Nf3 e6 3.d4 cxd4 4.Nxd4 a6 5.Nc3 Qc7 6.f4 b5 7.Bd3 Bb7 8.Qf3 d6
9.Be3 Nd7 10.g4 Nc5 11.a3 Nf6 12.g5 Nfd7 13.h4 d5 14.e5 Nb6 15.f5 Nc4 16.fxe6 fxe6
17.O-O O-O-O 18.Qh3 Qxe5 19.Bf2 Nd2 20.Rfd1 Nc4 21.Re1 Qc7 22.b4 Ne4 23.Nxe4 dxe4
24.Nxe6  1-0

[Event "Dortmund-A"]
[Site "Dortmund"]
[Date "1989.??.??"]
[Round "?"]
[White "Tolnai, Tibor"]
[Black "Hickl, Joerg"]
[Result "1-0"]
[WhiteElo "2480"]
[BlackElo "2500"]

1.e4 d6 2.d4 g6 3.Nc3 Bg7 4.Be3 c6 5.Qd2 b5 6.Bd3 Nd7 7.Nf3 Nb6 8.b3 Qc7
9.h3 Nf6 10.Bh6 O-O 11.O-O a6 12.e5 dxe5 13.dxe5 Nfd5 14.Nxd5 Nxd5 15.c4 Nb6
16.Bxg7 Kxg7 17.Qc3 bxc4 18.Bxc4 Nxc4 19.e6+ Ne5 20.exf7 Rxf7 21.Nxe5 Rf6
22.Rfe1 h5 23.Rac1 Bb7 24.Qc5 Re8 25.Rcd1 Bc8 26.Re3 Kh6 27.Rde1 Qd6 28.Qxd6  1-0

[Event "Dortmund-A"]
[Site "Dortmund"]
[Date "1989.??.??"]
[Round "?"]
[White "Tolnai, Tibor"]
[Black "Kotronias, Vasilios"]
[Result "1-0"]
[WhiteElo "2480"]
[BlackElo "2505"]

1.e4 e5 2.Nf3 Nc6 3.Bb5 Nd4 4.Nxd4 exd4 5.O-O Bc5 6.d3 c6 7.Ba4 d6 8.f4 Nf6
9.f5 a5 10.a3 h5 11.b4 Ba7 12.b5 Bd7 13.bxc6 bxc6 14.Bg5 Qc7 15.h3 Kf8 16.Nd2 Bc5
17.Bf4 h4 18.Qe1 Re8 19.Qf2 Qd8 20.Nb3 Qb6 21.c3 d5 22.Nxc5 Qxc5 23.cxd4 Qc3
24.e5 c5 25.Bxd7 Nxd7 26.dxc5 Qxc5 27.d4 Qc3 28.Bg5 f6 29.e6 Nb6 30.Bd2 Qd3
31.Bxa5 Nc4 32.Bb4+ Kg8 33.Rad1 Qe3 34.Rde1 Qd3 35.Qf4 Rh5 36.Rf3 Qc2 37.Rf2 Qd3
38.Qc7 Rg5 39.Qf7+ Kh7 40.Qxe8 Ne3 41.e7  1-0

[Event "Dortmund-A"]
[Site "Dortmund"]
[Date "1989.??.??"]
[Round "?"]
[White "Tolnai, Tibor"]
[Black "Schmittdiel, Eckhard"]
[Result "0-1"]
[WhiteElo "2480"]
[BlackElo "2425"]

1.e4 e6 2.d4 d5 3.Nd2 c5 4.Ngf3 Nc6 5.exd5 exd5 6.Bb5 Bd6 7.dxc5 Bxc5 8.O-O Ne7
9.Nb3 Bd6 10.Bd3 O-O 11.Re1 h6 12.h3 Nf5 13.c3 Bc7 14.Bc2 Qd6 15.Qd3 g6 16.Qd2 h5
17.Bxf5 Bxf5 18.Qh6 Be4 19.Nbd2 f5 20.g3 Rf6 21.Nxe4 fxe4 22.Nh4 Ne5 23.Bf4 Qe6
24.Bxe5 Bxe5 25.Qg5 Bc7 26.Re2 Raf8 27.Ng2 Qf7 28.Qd2 Bb6 29.Nf4 h4 30.Kg2 Rf5
31.Rd1 Rg5 32.Kh1 Bxf2 33.Rxf2 hxg3 34.Rff1 Rf5 35.Kg2 d4 36.cxd4 g5 37.Qe3 gxf4
38.Qxe4 f3+ 39.Kxg3 Qg6+ 40.Kf2 Qg2+  0-1